01020nam a2200217 a 450000100100000000500170001000800410002702000150006804000250008308200140010810000320012224501380015426001470029230000340043949000460047350000700051950400310058983000530062095201120067399900170078500004156120201002035635.0131011s2003 sp ab 000 0 spa d a8400081528 aDO-SdBNPbspacBNPHU axxxbD9481 aDuran Duelt, Daniel.96830510aKastellórizo, una isla griega bajo dominio de Alfonso el Magnánimo :b(1450-1458) : colección documental /cDaniel Duran Duelt. aBarcelona :bConsejo Superior de Investigaciones Científicas: Institución Milá y Fontanals,bDepartamento de Estudios Medievales,c2003. a154 p. :bil., maps ;c24 cm.1 aAnuario de estudios medievalesaanejov49 aIncluye referencias bibliográficas y notas al pie de páginas. aBibliografía: p. 139-148 0aAnuario de estudios medievalesn49panejo968306 001050718MOaGRbGRcCTd2013-10-11iLF1l0oxxx D948p41561-10r2020-06-25w2020-06-25y1ZNo se presta c41051d41051